| 000 | 00812nam a2200277I 4500 | ||
|---|---|---|---|
| 999 |
_c6817 _d6817 |
||
| 001 | 8757296 | ||
| 003 | OSt | ||
| 005 | 20190119181551.0 | ||
| 008 | 820909s1982 ilu b 00110 eng d | ||
| 010 | _a81069737 | ||
| 020 | _a0891072330 : | ||
| 040 |
_aNTM _cNTM _dOML |
||
| 082 |
_a261.7 _bS294C |
||
| 100 | 1 | 0 |
_aSchaeffer, Francis A. _q(Francis August) |
| 245 | 1 | 2 |
_aA Christian manifesto / _cFrancis A. Schaeffer |
| 250 | _aRev. ed | ||
| 260 | 0 |
_aWestchester, IL : _bCrossway Books, published in association with Nims Communications, _cc1982 |
|
| 300 |
_a157 p. ; _c22 cm |
||
| 500 | _aIncludes index | ||
| 504 | _aBibliography: p. 143-146 | ||
| 650 | 0 | _aChurch renewal | |
| 650 | 0 |
_aChristianity _y20th century |
|
| 650 | 0 | _aMoral conditions | |
| 650 | 0 | _aChristianity and politics | |
| 942 |
_2ddc _cBK |
||